<?xml version="1.0" encoding="UTF-8"?><?xml-stylesheet type="text/xsl" href="static/style.xsl"?><OAI-PMH xmlns="http://www.openarchives.org/OAI/2.0/" xmlns:xsi="http://www.w3.org/2001/XMLSchema-instance" xsi:schemaLocation="http://www.openarchives.org/OAI/2.0/ http://www.openarchives.org/OAI/2.0/OAI-PMH.xsd"><responseDate>2026-04-17T12:15:16Z</responseDate><request verb="GetRecord" identifier="oai:www.recercat.cat:20.500.12328/4176" metadataPrefix="marc">https://recercat.cat/oai/request</request><GetRecord><record><header><identifier>oai:recercat.cat:20.500.12328/4176</identifier><datestamp>2025-05-16T12:49:05Z</datestamp><setSpec>com_2072_67741</setSpec><setSpec>col_2072_484354</setSpec></header><metadata><record xmlns="http://www.loc.gov/MARC21/slim" xmlns:dcterms="http://purl.org/dc/terms/" xmlns:xsi="http://www.w3.org/2001/XMLSchema-instance" xmlns:doc="http://www.lyncode.com/xoai" xsi:schemaLocation="http://www.loc.gov/MARC21/slim http://www.loc.gov/standards/marcxml/schema/MARC21slim.xsd">
   <leader>00925njm 22002777a 4500</leader>
   <datafield ind2=" " ind1=" " tag="042">
      <subfield code="a">dc</subfield>
   </datafield>
   <datafield ind2=" " ind1=" " tag="720">
      <subfield code="a">Lozano, Marina</subfield>
      <subfield code="e">author</subfield>
   </datafield>
   <datafield ind2=" " ind1=" " tag="720">
      <subfield code="a">Gamarra, Beatriz</subfield>
      <subfield code="e">author</subfield>
   </datafield>
   <datafield ind2=" " ind1=" " tag="720">
      <subfield code="a">Hernando, Raquel</subfield>
      <subfield code="e">author</subfield>
   </datafield>
   <datafield ind2=" " ind1=" " tag="720">
      <subfield code="a">Ceperuelo, Dolors</subfield>
      <subfield code="e">author</subfield>
   </datafield>
   <datafield ind2=" " ind1=" " tag="260">
      <subfield code="c">2022</subfield>
   </datafield>
   <datafield ind2=" " ind1=" " tag="520">
      <subfield code="a">The dental and oral pathologies of the Chalcolithic and Early Bronze Age herders from El Mirador cave indicate good general oral health in both populations as deduced from the low prevalence of pathologies such as dental caries, dental calculus, linear enamel hypoplasia, periodontal disease and abscesses. In both groups, older individuals exhibit the highest prevalence and severity of these age-progressive pathologies. The ratio of dental caries and calculus in both populations is associated with a diet based primarily on proteins of animal origin complemented with carbohydrate-rich plant-based foods. The main difference in the typology of dental caries between the groups illustrates a shift in the way carbohydrates were processed. The Early Bronze Age group consumed softer and less fibrous plant items than the individuals from the Chalcolithic group.</subfield>
   </datafield>
   <datafield ind1="8" ind2=" " tag="024">
      <subfield code="a">Lozano, Marina; Gamarra, Beatriz; Hernando, Raquel [et al.]. Dental and oral pathologies at El Mirador Cave (Sierra de Atapuerca, Spain). En: Prehistoric Herders and Farmers. Springer, 2022, p. 167-185. ISBN: 978-3-031-12277-4. Disponible en: &lt;https://link.springer.com/chapter/10.1007/978-3-031-12278-1_9>. Fecha de acceso: 26 mar. 2024. DOI: 10.1007/978-3-031-12278-1_9</subfield>
   </datafield>
   <datafield ind1="8" ind2=" " tag="024">
      <subfield code="a">978-3-031-12277-4</subfield>
   </datafield>
   <datafield ind1="8" ind2=" " tag="024">
      <subfield code="a">http://hdl.handle.net/20.500.12328/4176</subfield>
   </datafield>
   <datafield ind1="8" ind2=" " tag="024">
      <subfield code="a">https://dx.doi.org/10.1007/978-3-031-12278-1_9</subfield>
   </datafield>
   <datafield tag="653" ind2=" " ind1=" ">
      <subfield code="a">Odontologia</subfield>
   </datafield>
   <datafield tag="653" ind2=" " ind1=" ">
      <subfield code="a">Odontología</subfield>
   </datafield>
   <datafield tag="653" ind2=" " ind1=" ">
      <subfield code="a">Dentistry</subfield>
   </datafield>
   <datafield ind2="0" ind1="0" tag="245">
      <subfield code="a">Dental and oral pathologies at El Mirador Cave (Sierra de Atapuerca, Spain)</subfield>
   </datafield>
</record></metadata></record></GetRecord></OAI-PMH>